00625nam a2200157Ia 4500008004000000082001300040100001300053245013000066260004000196300000800236650002300244690001700267906001100284999001900295952015300314210210b2004 xxu||||| |||| 00| 0 eng d a423 SUNC aSUNRISE. aChildrens international five star dictionary: dictionary of antonyms synonyms one word substitutes tenses idioms and phrases. aMangalorebSunrise Publishersc2004 a384 aEnglish dictionary aDictionaries a059256 c106438d106438 001040738EnglishaALbALcRSd2021-02-17eAddone Pub Group, Thiruvananthapuram.g280.00l0o423 SUNCp059256r2021-02-17 00:00:00w2021-02-17yBK